Estrategia psicopedagógica de formación continua para entrenadores, dirigida al tratamiento del componente psicológico en atletas escolares
Propone una estrategia psicopedagógica de formación continua para entrenadores, dirigida al tratamiento del componente psicológico en atletas escolares.
Salvato in:
| Autore principale: | |
|---|---|
| Ente Autore: | |
| Altri autori: | , |
| Natura: | eBook |
| Lingua: | spagnolo |
| Pubblicazione: |
La Habana :
Editorial Universitaria,
2011.
|
| Soggetti: | |
| Accesso online: | https://elibro.unach.elogim.com/es/lc/unach/titulos/85529 |
| Tags: |
Aggiungi Tag
Nessun Tag, puoi essere il primo ad aggiungerne!!
|
MARC
| LEADER | 00000nam a2200000 a 4500 | ||
|---|---|---|---|
| 001 | ELB85529 | ||
| 003 | FlNmELB | ||
| 006 | m o d | | ||
| 007 | cr cn||||||||| | ||
| 008 | 201201r2011 cu |||||s|||||||||||spa d | ||
| 024 | 8 | |z 71205011510 | |
| 035 | |a (MiAaPQ)EBC3200167 | ||
| 035 | |a (Au-PeEL)EBL3200167 | ||
| 035 | |a (CaPaEBR)ebr10576729 | ||
| 035 | |a (OCoLC)929373167 | ||
| 040 | |a FlNmELB |b spa |c FlNmELB | ||
| 050 | 4 | |a GV401 |b D692 2011 | |
| 082 | 0 | 4 | |a 796 |2 22 |
| 100 | 1 | |a Dopico Pérez, Hirbins Manuel. |4 aut | |
| 245 | 1 | 0 | |a Estrategia psicopedagógica de formación continua para entrenadores, dirigida al tratamiento del componente psicológico en atletas escolares |h [recurso electronico] |c Hirbins Manuel Dopico Pérez. |
| 260 | |a La Habana : |b Editorial Universitaria, |c 2011. | ||
| 300 | |a 176 p. | ||
| 500 | |a Tesis (doctorado) - Universidad de Ciencias de la Cultura Física y el Deporte "Manuel Fajardo". | ||
| 520 | |a Propone una estrategia psicopedagógica de formación continua para entrenadores, dirigida al tratamiento del componente psicológico en atletas escolares. | ||
| 533 | |a Recurso electrónico. Santa Fe, Arg.: e-libro, 2015. Disponible vía World Wide Web. El acceso puede estar limitado para las bibliotecas afiliadas a e-libro. | ||
| 650 | 4 | |a Deportes y Recreación. |x General. | |
| 650 | 4 | |a Sports and Recreation. |x General. | |
| 655 | 4 | |a Libros electrónicos. | |
| 700 | 1 | |a Machado Ramírez, Evelio F. |4 drt | |
| 700 | 1 | |a Martinó Sánchez, Carlos. |4 drt | |
| 710 | 2 | |a e-libro, Corp. | |
| 856 | 4 | 0 | |u https://elibro.unach.elogim.com/es/lc/unach/titulos/85529 |